000 00744nam a2200205 i 4500
001 45309
003 ES-MaACL
005 20250829060225.0
007 t|
008 030325q1972 sp ||||1| spa d
100 1 _aColón, Cristóbal.
_939869
245 1 3 _aLa carta de Colón, anunciando la llegada a las Indias y a la provincia de Catayo (China) (descubrimiento de América) /
_c(publicada y comentada por Carlos Sanz).
260 _a[Madrid :
_bs.n.,
_c1972?]
300 _a7 p. ;
_c18 cm.
630 0 3 _aLa carta sobre el descubrimiento.
_9172734
651 4 _aAmérica-
_xDescubrimientos y exploraciones-
_xEspañoles.
_9138324
700 1 _aSanz, Carlos,
_d1903-1979
_9103566
852 _aES-MaACL
_j2102-F-10
999 _c45309
_d45309